Thở : Nhật ký bác sĩ viết từ tâm dịch Sài Gòn
Từng câu chuyện nhỏ giữa mùa dịch cứ vậy hiện lên một cách sống động qua từng trang sách. Câu chuyện nào cũng khiến người đọc rưng rưng xúc động, vì thấy mình ở trong đó, vì thấy tình người và tình đời thật đẹp....
Tallennettuna:
| Päätekijä: | |
|---|---|
| Aineistotyyppi: | Kirja |
| Kieli: | Vietnamese |
| Julkaistu: |
H.
Hội nhà văn
2021
|
| Aiheet: | |
| Tagit: |
Lisää tagi
Ei tageja, Lisää ensimmäinen tagi!
|
| Thư viện lưu trữ: | Thư viện Trường Đại học Nam Cần Thơ |
|---|
| LEADER | 01113nam a22001937a 4500 | ||
|---|---|---|---|
| 001 | NCT_4_010059 | ||
| 008 | 240618b xxu||||| |||| 00| 0 vie d | ||
| 999 | |c 8446 |d 8446 | ||
| 020 | |a 9786043337952 |c 150000 | ||
| 082 | 0 | 4 | |2 23rd ed. |a 895.922 |b Tr513 |
| 100 | 1 | |a Nguyễn Bảo Trung | |
| 245 | 1 | 0 | |a Thở : |b Nhật ký bác sĩ viết từ tâm dịch Sài Gòn |c Nguyễn Bảo Trung |
| 260 | |a H. |b Hội nhà văn |c 2021 | ||
| 300 | |a 239 tr. |b Minh họa ảnh màu |c 19cm | ||
| 520 | 3 | |a Từng câu chuyện nhỏ giữa mùa dịch cứ vậy hiện lên một cách sống động qua từng trang sách. Câu chuyện nào cũng khiến người đọc rưng rưng xúc động, vì thấy mình ở trong đó, vì thấy tình người và tình đời thật đẹp. | |
| 653 | |a Tham khảo | ||
| 942 | |2 ddc |c BK | ||
| 952 | |0 0 |1 0 |2 ddc |4 0 |6 895_922000000000000_TR513 |7 0 |9 29131 |a 000001 |b 000001 |d 2024-06-18 |o 895.922 Tr513 |p TK.04350 |r 2024-06-18 |v 150000.00 |w 2024-06-18 |y BK | ||
| 980 | |a Thư viện Trường Đại học Nam Cần Thơ | ||


